00474nam a2200133Ia 450000500170000000800410001704000190005804100120007708200170008910000460010624501320015265000460028485000100033020240803101620.0131103s9999 xx 000 0 und d aLoreto College aEnglish a915.414bPER aSiliguri-Jalpaiguri Development Authority aPerspective Plan 2025b Siliguri Jalpaiguri Planning Area. Volume I : Status ReportcSiliguri Jalpaiguri Development Authority aSiliguri Jalpaiguri Development Authority aLCLIB